000 01091cam a22003497a 4500
003 CHAP
005 20220329142629.0
008 020617d1981 es ad r 00110 spa d
010 _a85880
011 _a86852
020 _a8432961043
035 _a97392
040 _cCHAP
082 0 4 _a621.3028
_bR6 1981
100 0 0 _aRoldán, José.
_999440
245 1 0 _aManual de medidas eléctricas
_c/por José Roldán
250 _a5 ed.
260 _aBarcelona, Esp. :
_bCEAC,
_c1981
300 _a128 p. :
_bilus. ; tablas
490 0 _aManuales CEAC de electricidad
590 _aBATCH-UPD
_b10
_c20130110
_lUCH01
_h0750
590 _aBATCH-UPD
_b10
_c20130410
_lUCH01
_h0430
590 _aBATCH-UPD
_b10
_c20130914
_lUCH01
_h1255
590 _aCONVERSION
_b10
_c20130109
_lUCH01
_h1348
650 1 4 _aElectricidad.
_936215
650 1 4 _aElectricidad
_xAparatos y accesorios.
_936216
830 0 0 _aManuales CEAC de electricidad
_970649
901 _aBK
905 _aMarco A. Mendoza T.
942 _cLIBRO
949 _a621.3028 R6 1981
_bBC
_cC
_d33724000850814
_eC
_gDonaciØn
_h102664
_i97392
_sb
999 _c85880
_d85880